| 000 | 00892nam a2200301 i 4500 | ||
|---|---|---|---|
| 001 | bgj | ||
| 100 | 1 |
_aCRANE, Stephen _d(1871-1900) |
|
| 245 | 1 | 0 |
_aThe Red Badge of Courage / _cby Stephen Crane ; with an introduction by Alfred Kazin. |
| 250 | _a[New Bantam Classic Edition]. | ||
| 260 |
_aNew York [etc.] : _bBantam Books, _c1983. |
||
| 300 |
_aXVIII, 135 pp ; _c18 cm. |
||
| 490 | 1 | _aA Bantam Classic | |
| 650 | 9 | _aChancellorsville, Battle of, Chancelorsville, Va, 1863 | |
| 650 | 9 | _aWar | |
| 650 | 9 | _aComing of age | |
| 650 | 9 | _aHistorical fiction | |
| 650 | 9 | _aWar stories | |
| 651 | 9 |
_aUnited States _xHistory _yCivil War, 1861-1865 |
|
| 655 | _aFiction | ||
| 700 | 1 | _aKAZIN, Alfred | |
| 830 | _aA Bantam Classic | ||
| 020 | _a0533210114 | ||
| 040 | _cBPK | ||
| 041 | 0 | _aeng | |
| 920 | _a0-533-21011-4 | ||
| 942 | _cKS | ||
| 008 | s uk f |000 0 eng | ||
| 999 |
_c47933 _d47933 |
||
| 856 |
_uhttp://koha.tu.koszalin.pl/cgi-bin/koha/opac-detail.pl?biblionumber=47933 _yKatalog online BPK |
||